| Tag |
First Indicator |
Second Indicator |
Subfields |
| LEADER |
00000cam a2200000 a 4500 |
| 001 |
in00000014277 |
| 005 |
20151007052158.0 |
| 008 |
870513r1987 mau 00011 eng |
| 010 |
|
|
|a 87003078
|
| 020 |
|
|
|a 0316801798 :
|c $19.95
|
| 035 |
|
|
|a (OCoLC)15789825
|
| 035 |
|
|
|9 AAA6640AM
|
| 040 |
|
|
|a DLC
|c DLC
|d TXA
|d UtOrBLW
|
| 049 |
|
|
|a TXAM
|c [A11462694]
|
| 050 |
0 |
0 |
|a PR9405.9.S5
|b R34 1987
|
| 082 |
0 |
|
|a 823
|2 19
|
| 100 |
1 |
|
|a Smith, Wilbur A.
|
| 245 |
1 |
0 |
|a Rage /
|c by Wilbur Smith.
|
| 250 |
|
|
|a 1st American ed.
|
| 264 |
|
1 |
|a Boston :
|b Little, Brown,
|c [1987]
|
| 264 |
|
4 |
|c ©1987
|
| 300 |
|
|
|a 627 pages ;
|c 25 cm.
|
| 336 |
|
|
|a text
|b txt
|2 rdacontent
|
| 337 |
|
|
|a unmediated
|b n
|2 rdamedia
|
| 338 |
|
|
|a volume
|b nc
|2 rdacarrier
|
| 999 |
|
|
|a MARS
|
| 999 |
f |
f |
|s a15182b2-23ed-3cf6-b288-e9bf32349e4e
|i 59e09454-6e88-3309-b7a6-9ea8bcda27e3
|t 0
|
| 952 |
f |
f |
|p normal
|a Texas A&M University
|b College Station
|c Sterling C. Evans Library
|d Evans: Library Stacks
|t 0
|e PR9405.9.S5 R34 1987
|h Library of Congress classification
|i unmediated -- volume
|m A14811462694
|
| 998 |
f |
f |
|a PR9405.9.S5 R34 1987
|t 0
|l Evans: Library Stacks
|